Concurso de arte Eduardo León Jimenes. (Registro nro. 52855)
[ vista simple ]
| 000 -CABECERA | |
|---|---|
| campo de control de longitud fija | 00746nam a22002297a 4500 |
| 003 - IDENTIFICADOR DEL NÚMERO DE CONTROL | |
| campo de control | DO-SdBNP |
| 005 - FECHA Y HORA DE LA ÚLTIMA TRANSACCIÓN | |
| campo de control | 20221110091908.0 |
| 007 - CAMPO FIJO DE DESCRIPCIÓN FÍSICA--INFORMACIÓN GENERAL | |
| campo de control de longitud fija | ta |
| 008 - DATOS DE LONGITUD FIJA--INFORMACIÓN GENERAL | |
| campo de control de longitud fija | 221110b2021 dr a|||| |||| 00| 0 spa d |
| 020 ## - NÚMERO INTERNACIONAL ESTÁNDAR DEL LIBRO | |
| Número Internacional Estándar del Libro | 9789945929638 |
| 040 ## - FUENTE DE LA CATALOGACIÓN | |
| Centro catalogador/agencia de origen | DO-SdBNP |
| Lengua de catalogación | spa |
| Centro/agencia transcriptor | BNPHU |
| 082 #4 - NÚMERO DE LA CLASIFICACIÓN DECIMAL DEWEY | |
| Número de edición | 22 |
| 111 2# - ENTRADA PRINCIPAL--NOMBRE DE CONGRESO/REUNIÓN | |
| Nombre de congreso/reunión o jurisdicción como elemento de entrada | Concurso de arte Eduardo León Jimenes |
| Fecha del congreso/reunión | (2020: 28 de enero 2021, 6 de junio 2021 |
| Sede del congreso/Lugar de la reunión | Santo Domingo |
| Número del congreso/reunión o número de parte o sección | 28: ) |
| 9 (RLIN) | 64568 |
| 245 10 - MENCIÓN DE TÍTULO | |
| Título | Concurso de arte Eduardo León Jimenes. |
| 260 ## - PUBLICACIÓN, DISTRIBUCIÓN, ETC. | |
| Lugar de publicación, distribución, etc. | Santiago de los Caballeros, República Dominicana : |
| Nombre del editor, distribuidor, etc. | Centro León, |
| Fecha de publicación, distribución, etc. | 2021. |
| 300 ## - DESCRIPCIÓN FÍSICA | |
| Extensión | 264 p. : |
| Otras características físicas | il., retrs. ; |
| Dimensiones | 31 cm. |
| 490 1# - MENCIÓN DE SERIE | |
| Mención de serie | Catálogo de obras |
| 590 ## - NOTA LOCAL (RLIN) | |
| Nota local | Inventariado, 2022/BT |
| 830 #0 - PUNTO DE ACCESO ADICIONAL DE SERIE-TÍTULO UNIFORME | |
| Título uniforme | Catálogo de obras |
| 9 (RLIN) | 82786 |
| 910 ## - DATOS DE OPCIÓN DEL USUARIO (OCLC) | |
| Datos de opción del usuario | Btavárez |
| 942 ## - ELEMENTOS DE PUNTO DE ACCESO ADICIONAL (KOHA) | |
| Fuente del sistema de clasificación o colocación | Dewey Decimal Classification |
| Tipo de ítem Koha | Libro |
| Estado de retiro | Estado de pérdida | Fuente del sistema de clasificación o colocación | Restricciones de uso | No para préstamo | Código de colección | Localización permanente | Ubicación/localización actual | Ubicación en estantería | Fecha de adquisición | Fuente de adquisición | Total de préstamos | Código de barras | Fecha visto por última vez | Precio válido a partir de | Tipo de ítem Koha | Número de copia |
|---|---|---|---|---|---|---|---|---|---|---|---|---|---|---|---|---|
| Dewey Decimal Classification | Excluido de préstamo | Patrimonio Dominicano | Biblioteca Nacional Pedro Henríquez Ureña | Biblioteca Nacional Pedro Henríquez Ureña | En catalogación | 10.11.2022 | Depósito Legal | 2022-5123 | 10.11.2022 | 10.11.2022 | Libro | |||||
| Dewey Decimal Classification | Excluido de préstamo | Patrimonio Dominicano | Biblioteca Nacional Pedro Henríquez Ureña | Biblioteca Nacional Pedro Henríquez Ureña | En catalogación | 10.11.2022 | Depósito Legal | 2022-5124 | 10.11.2022 | 10.11.2022 | Libro | e.2 | ||||
| Dewey Decimal Classification | Préstamo en sala | Dominicana de Servicio | Biblioteca Nacional Pedro Henríquez Ureña | Biblioteca Nacional Pedro Henríquez Ureña | En catalogación | 10.11.2022 | Depósito Legal | 2022-5125 | 10.11.2022 | 10.11.2022 | Libro | e.3 |
